Introduction to bioengineering

Saved in:
Bibliographic Details
Other Authors: Berger, S. A. (Anna Sergeevna) (Editor), Goldsmith, Werner (Editor), Lewis, Edwin R. 1934-
Format: Book
Language:English
Published: New York : Oxford University Press, 2000
Subjects:
Tags: Add Tag
No Tags, Be the first to tag this record!

MARC

LEADER 00000nam a2200000 i 4500
001 1/14327
008 001204s2000 eng d
020 |a 0-19-856515-1 (pbk.) 
035 |l 10064959 
040 |a GR-MY-UA  |b gre  |e aacr 
041 0 |a eng 
082 0 |a 610.28 
245 1 0 |a Introduction to bioengineering /  |c edited by S.A. Berger, W. Goldsmith and E.R. Lewis 
260 |a New York :   |b Oxford University Press,   |c 2000 
300 |a xiv, 526 p. 
504 |a Includes bibliographical references and index 
650 0 0 |a Bioengineering. 
700 1 |a Berger, S. A.  |q (Anna Sergeevna)  |4 edt 
700 1 |a Goldsmith, Werner.  |4 edt 
700 1 |a Lewis, Edwin R.  |d 1934- 
852 |a INST  |b CHIOS  |e 20001204  |h 610.28 INT  |p 005200017136  |q 005200017136  |t BK  |y 0 
901 |a BIBL2-2000-3 
909 |a Χ  |b 082475 
922 |a 2ΕΛΗ  |b 200010  |c ΤΜΟΔ  |d ΜΙΧΑΛΟΠΟΥΛΟΣ 
950 |a 186-2000-09-15 
970 |a ΣΠΕΝΤΖΑ  |b ΕΛΕΝΗ  |z 2000/12/19